International trade : agreements, laws and rules.
| Format: | Book |
|---|---|
| Published: |
New York:
Nova Science Publishers,
2012.
|
| Subjects: |
| LEADER | 00482cam a2200145 7i4500 | ||
|---|---|---|---|
| 001 | 0000029853 | ||
| 005 | 20131203090000.0 | ||
| 020 | 0 | 0 | |a 9781621008651 |
| 090 | 0 | 0 | |a B 343.73087 |b INT |
| 245 | 0 | 0 | |a International trade : |b agreements, laws and rules. |
| 260 | 0 | 0 | |a New York: |b Nova Science Publishers, |c 2012. |
| 300 | # | # | |a 176 p. |
| 650 | 0 | 0 | |a Foreign trade regulation -- |z United States of America |
| 651 | 0 | 0 | |a United States of America |
| 999 | |a B000033116 |b Book |c Countries |e Business Information Centre | ||


